India - True or False - Statistics

General Stats
  • This quiz has been taken 28 times
    21 since last reset
  • The average score is 6 of 9
Answer Stats
Question Answer % Correct
The country is bigger than Russia False
100%
India is the seventh largest country in the world True
100%
The Circle in the middle of the Indian flag is a wheel True
86%
‘Snakes and Ladders’ comes from India, not Japan True
86%
India is the most carnivore (Meat Eating) country in the world False
71%
The Taj Mahal is a Palace False
71%
India is the 2nd Largest Producer of Films in the World, China is 1st False
43%
Hinduism is the Oldest Religion on the Planet True
43%
75% of all tigers in the world live in india True
29%
No matching quizzes found
Score Distribution
Percent of People with Each Score
Percentile by Number Answered
Your Score History
You have not taken this quiz since the last reset